La Sainte Bible qui contient l'Ancien et le Nouveau Testament /

محفوظ في:

مؤلفون آخرون: Ostervald, Jean-Frédéric, 1663-1747.

التنسيق: كتاب

اللغة: French

منشور في: Paris : Impr. Meyrueis, 1864.

الموضوعات:

الوسوم: إضافة وسم

لا توجد وسوم, كن أول من يضع وسما على هذه التسجيلة!

رقم الطلب: BS230 1864

LEADER 00643nam a2200205Ia 4500
001 5006
003 OSt
005 20251015120801.0
008 130303s1864 fr 000 0 fre d
040 |c ARCE Library 
050 4 |a BS230 1864 
130 0 |a Bible.  |l French.  |s Ostervald.  |f 1864. 
245 1 3 |a La Sainte Bible qui contient l'Ancien et le Nouveau Testament /   |c d'après la version de J.F. Osterwald  
264 1 |a Paris :   |b Impr. Meyrueis,   |c 1864. 
300 |a 902, 282 pages ;   |c 24 cm. 
630 0 0 |a Bible.  |p Genesis  |v Picture Bibles. 
700 1 |a Ostervald, Jean-Frédéric,   |d 1663-1747. 
901 |a reviewed 
942 |c BK  |2 lcc 
999 |c 5395  |d 5395